| 000 | 01172cad a22002295a 4500 | ||
|---|---|---|---|
| 001 | L153613 | ||
| 008 | 110810s20110112xxkd f s 000 0 eng d | ||
| 035 | _a(Sirsi) u153613 | ||
| 041 | 0 | _aeng | |
| 050 | 0 | 4 | _a346.4172 $2 18 |
| 110 | 2 |
_aRoyal Institution of Chartered Surveyors _bEconomics _95033 |
|
| 245 | 0 | 0 |
_aRICS Arts and antiques market survey _bfirst quarter 2011 _h[electronic resource] |
| 260 |
_aLondon _bRICS _c2011 |
||
| 490 | 0 |
_aRICS Arts and Antiques Market Survey _vFirst Quarter 2011 |
|
| 520 | _aThe net balance of surveyors reported rising prices in the first quarter 2011. The higher end of the market continues to perform well with the lower end of the market showing improvement. The best performing sub-sectors continue to be silver and jewellery; the worst performing are oils, water colours and books. Demand is expected to outstrip supply in 2011. | ||
| 590 | _aKA | ||
| 650 | 2 | 4 | _aRICS ARTS AND ANTIQUES MARKET SURVEY |
| 651 | 4 |
_aUnited Kingdom _y |
|
| 690 |
_aArts and antiques _96217 |
||
| 856 | 4 | 0 |
_uhttps://www.rics.org/site/download_feed.aspx?fileID=9379&fileExtension=PDF _zView this item free of charge at www.rics.org |
| 942 | _n0 | ||
| 999 |
_c112611 _d112611 |
||